| 000 | 01011cam a22002775a 4500 | ||
|---|---|---|---|
| 001 | 707421 | ||
| 005 | 20160203134207.0 | ||
| 008 | 970219t1997 mau frb 001 0 eng d | ||
| 020 | _a0674689372 | ||
| 020 | _a9780674689374 | ||
| 040 |
_aDLC _cDLC _dEG-ScBUE _beng |
||
| 043 | _an-us--- | ||
| 082 | 0 | 4 |
_a352.2360973 _222 _bSKO |
| 100 | 1 |
_aSkowronek, Stephen. _939253 |
|
| 245 | 1 | 4 |
_aThe politics presidents make : _bleadership from John Adams to Bill Clinton / _cStephen Skowronek. |
| 260 |
_aCambridge, Massachusetts ; _aLondon : _bThe Belknap Press of Harvard University Press, _cc.1997. |
||
| 300 |
_axvii, 546 p. ; _c24 cm. |
||
| 500 | _aOriginally published: Cambridge, Mass. : Belknap Press, 1993. | ||
| 500 | _aIndex : p. 535-546. | ||
| 504 | _aBibliography : p. 467-533. | ||
| 650 | 0 |
_aPresidents _zUnited States _xHistory. _2BUEsh |
|
| 650 | 0 |
_aPolitical leadership _zUnited States _xHistory. _2BUEsh |
|
| 651 | _2BUEsh | ||
| 653 |
_bBUSBOL _cJuly2015 _cFebruary2016 |
||
| 942 |
_2ddc _k352.2360973 SKO |
||
| 999 |
_c20347 _d20319 |
||